BTS Songs - Scrambles #1 - Statistics

General Stats
  • This quiz has been taken 47 times
  • The average score is 11 of 20
Answer Stats
Scramble Song % Correct
OO GG Go Go
92%
AMMA MAMA
89%
HUG! UGH!
86%
WCLAK BSAN Black Swan
81%
MJPU Jump
81%
UTETBR Butter
75%
WUY ITVO BHL Boy With Luv
72%
NW EO We On
72%
NYIUDSOS Dionysus
64%
N'F IIEM I'm Fine
58%
EEDBRAAMRSS Embarrassed
56%
WT OSHA So What
53%
HTEUR: ROO Outro: Her
42%
PICOOEDNTE SN IRMAS Permission To Dance
39%
BNU SRT Run BTS
36%
LANIES Aliens
31%
MNLOAR NORMAL
25%
SNDRIEENW: GTLIU Interlude: Wings
19%
THET KG MRIIA Make It Right
11%
EIRENCHS GOHV Converse High
0%
No matching quizzes found
Score Distribution
Percent of People with Each Score
Percentile by Number Answered
Your Score History
You have not taken this quiz